000 01197 a2200253 4500
005 20180831101031.0
010 _aB-704375-377
020 _c900.00
_a9789385722349 (Vol-I)
020 _c990.00
_a9789385722370 (Vol-II)
020 _c1050.00
_a9789385722424 (Vol-III)
035 _aB-704375-377
037 _bRP-CL-R.K.Books
_adpl
082 1 4 _a610.76
100 1 _aArora, Arvind
245 1 _aReview of post graduate medical entrance examination
_b20,000 MCQ's fully referenced and topic wise arranged
_cby Arvind Arora, Amit Tripathi [and] Ashish Gupta
250 _a13th ed
260 _aGorakhpur
_bPulse Publications
_c2017
300 _a3V (951, 1093,1182 p.)
_c27 cm (pbk)
500 _aVol-I Anatomy, Physiology, Biochemistry,pathology, Microbiology Vol-II Pharmacology, SPM,Ophthalmology,ENT, Orthopedics, Forensic, Skin, Psychiatry, Anesthesia Vol-III OBS and Gynae, Medicine, Surgery, Pediatrics, Radiology
700 _aTripathi, Amit
700 _aGupta, Ashish
942 _adpl
_cEN
_2ddc
_h610.76
_mARO
999 _c156741
_d156741